[The works of James Whitcomb Riley. (Record no. 13300)
[ view plain ]
| 000 -LEADER | |
|---|---|
| fixed length control field | 00503cam a22001691 4500 |
| 001 - CONTROL NUMBER | |
| control field | c 98000382 |
| 003 - CONTROL NUMBER IDENTIFIER | |
| control field | DLC |
| 005 - DATE AND TIME OF LATEST TRANSACTION | |
| control field | 20260227111041.0 |
| 008 - FIXED-LENGTH DATA ELEMENTS--GENERAL INFORMATION | |
| fixed length control field | 801216s1898 nyu 000 0 eng |
| 010 ## - LIBRARY OF CONGRESS CONTROL NUMBER | |
| LC control number | c 98000382 //r92 |
| 040 ## - CATALOGING SOURCE | |
| Original cataloging agency | DLC |
| Transcribing agency | DLC |
| Modifying agency | DLC |
| 100 1# - MAIN ENTRY--PERSONAL NAME | |
| Personal name | Riley, James Whitcomb, |
| Dates associated with a name | 1849-1916. |
| 245 04 - TITLE STATEMENT | |
| Title | [The works of James Whitcomb Riley. |
| Remainder of title | v. 9] |
| 260 0# - PUBLICATION, DISTRIBUTION, ETC. | |
| Place of publication, distribution, etc. | New York, |
| Name of publisher, distributor, etc. | C. Scribner's Sons, |
| Date of publication, distribution, etc. | 1898. |
| 300 ## - PHYSICAL DESCRIPTION | |
| Extent | 12⁰. cop. |
| 505 1# - FORMATTED CONTENTS NOTE | |
| Formatted contents note | --v. 9. The poems and prose sketches...Armazindy. |
No items available.